A Golden Brothers Zrt. sajátmárkás termékeinek online piaci bevezetése

Bibliographic Details
Main Author: Tamási Huba
Other Authors: Kovács Dr. habil András
Format: Thesis
Kulcsszavak:Online Marketing
Saját márka
Piaci bevezetés
Online Access:http://dolgozattar.uni-bge.hu/18715

MARC

LEADER 00000nta a2200000 i 4500
001 dolg18715
005 20190228135332.0
008 181204suuuu hu om 000 hun d
040 |a BGE Dolgozattár Repozitórium  |b hun 
041 |a hu 
100 1 |a Tamási Huba 
245 1 2 |a A Golden Brothers Zrt. sajátmárkás termékeinek online piaci bevezetése  |c Tamási Huba  |h [elektronikus dokumentum] 
246 1 1 |a A Golden Brothers Zrt. sajátmárkás termékeinek online piaci bevezetése 
695 |a Online Marketing 
695 |a Saját márka 
695 |a Piaci bevezetés 
700 1 |a Kovács Dr. habil András  |e ths 
856 4 0 |u http://dolgozattar.uni-bge.hu/18715/1/Tam%C3%A1si%20Huba_Szakdolgozat.pdf  |z Dokumentum-elérés